Представление документа в формате RUSMARC

ПолеНазваниеЗначение
  Тип записи a
  Библиографический уровень m
001 Контрольный номер RU/IS/BASE/554474998
005 Дата корректировки 20201206205057.2
010 Индекс ISBN __
a ISBN 978-5-9614-5954-8 (в пер.)
d Цена 1405-37
100 Данные общей обработки __
a Данные общей обработки 19170727d2017||||||| 0rusy0189 ca
101 Язык документа 1_
a Язык текста rus
c Язык оригинала eng
102 Страна публикации __
a Страна публикации ru|
105 Кодированные данные (монография) __
a Кодированные данные (монография) a||||||||00zy
200 Заглавие и сведения об ответственности 1_
a Заглавие Много цифр. Анализ больших данных при помощи Excel
f Первые сведения об ответственности Джон Форман ; перевод с английского [А. Соколова]
b Общее обозначение материала Текст
205 Сведения об издании __
a Основные сведения об издании 2-е изд.
210 Выходные данные __
a Место издания Москва
c Издательство Альпина Паблишер
d Дата издания 2017
215 Физическое описание __
a Объем 457, [2] с.
c Иллюстрации/тип воспроизводства ил., табл.
d Формат 24 см
300 Общие примечания __
a Общие примечания 1000 экз.
330 Аннотация __
a Аннотация Казалось бы, термин «большие данные» понятен и доступен только специалистам. Но автор этой книги доказывает, что анализ данных можно организовать и в простом, понятном, очень эффективном и знакомом многим Excel. Причем не важно, сколько велик ваш массив данных. Техники, предложенные в этой книге, будут полезны и владельцу небольшого интернет-магазина, и аналитику крупной торговой компании. Вы перестанете бояться больших данных, научитесь видеть в них нужную вам информацию и сможете проанализировать предпочтения ваших клиентов и предложить им новые продукты, оптимизировать денежные потоки и складские запасы, другими словами, повысите эффективность работы вашей организации. Книга будет интересна маркетологам, бизнес-аналитикам и руководителям разных уровней которым важно владеть статистикой для прогнозирования и планирования будущей деятельности компаний.
517 Другие варианты заглавия __
a Другие варианты заглавия Анализ больших данных при помощи Excel
605 Заглавие как предмет __
a Заглавие Microsoft Excel
605 Заглавие как предмет __
a Заглавие Excel
606 Тематические рубрики __
a Основная рубрика Вычислительная техника
606 Тематические рубрики __
a Основная рубрика Системы обработки численных данных
610 Ключевые слова __
a Ключевые слова компьютерные программы
a Ключевые слова прикладные программы
a Ключевые слова применение формул
a Ключевые слова программное обеспечение
a Ключевые слова финансовые формулы
a Ключевые слова формулы
a Ключевые слова формулы массивов
a Ключевые слова электронные таблицы
686 Индексы других классификаций __
2 Код системы rubbks
a Классификационный индекс 32.972.131.4
700 Автор _1
a Фамилия Форман
b Имя Д.
g Полное личное имя Джон
4 Код отношения 070
702 Вторичная интеллектуальная ответственность _1
a Фамилия Соколова
b Имя А.
4 Код отношения Переводчик
4 Код отношения 730
801 Источник записи _0
a Страна ru
b Организация Муниципальное бюджетное учреждение культуры "Централизованная библиотечная система" г. Сургут (Центральная городская библиотека им. А. С. Пушкина)
c Дата составления 20170727
g Правила каталогизации КиК/Котельникова
801 Источник записи _1
a Страна ru
b Организация Муниципальное бюджетное учреждение культуры "Централизованная библиотечная система" г. Сургут (Центральная городская библиотека им. А. С. Пушкина)
c Дата составления 20170727
g Правила каталогизации КиК/Котельникова
852 Данные о местонахождении __
j Шифр хранения 32.972.131.4
i Авторский знак Ф 79
901 Тип документа __
t Тип документа m
903 Характеристики (МАРС) __
a Дата передачи 20170727
990 Данные о заказе (DOS) __
j Количество экземпляров (DOS) 1
t N записи в КСУ для И/У (DOS) 201708